000 00451nam a2200193Ia 4500
005 20240419114935.0
008 131103s9999 xx 000 0 und d
020 _a195617894
040 _aLoreto College
041 _aEnglish
082 _a425
_bMAS
100 _aMason, J A
245 _aUsing grammer
_cJ A Mason
260 _aCalcutta
_bO.U.P.
_c1995
300 _a90p.
_b pic.
650 _aEnglish grammer
850 _aLCBED
942 _cBK
999 _c27725
_d78204